[Event "AUT-chT2W 2122"]
[Site "Austria"]
[Date "2022.03.13"]
[Round "11.6"]
[White "Berchtold, Guenter"]
[Black "Stadler, Alexander"]
[Result "0-1"]
[WhiteElo "1892"]
[BlackElo "2111"]
[PlyCount "78"]
[EventDate "2021.10.15"]
[EventType "team-tourn"]
[EventRounds "11"]
[EventCountry "AUT"]
[SourceTitle "EXT 2023"]
[Source "ChessBase"]
[SourceDate "2022.10.05"]
[SourceVersion "1"]
[SourceVersionDate "2022.10.05"]
[SourceQuality "1"]
[WhiteTeam "Wolfurt"]
[BlackTeam "Ranshofen"]
[WhiteTeamCountry "AUT"]
[BlackTeamCountry "AUT"]

1. d4 d5 2. Nf3 Bg4 3. Bf4 Nf6 4. Nbd2 e6 5. c3 c5 6. e3 Be7 7. Bxb8 Qxb8 8. Qa4+ Kf8 9. Ne5 Bf5 10. Be2 h5 11. f3 Kg8 12. 0-0 Bd6 13. f4 Qd8 14. Bd3 Bxd3 15. Nxd3 cxd4 16. exd4 Ng4 17. Rf3 Rh6 18. h3 Nf6 19. g3 Ne4 20. Qd1 g5 21. Qe1 f5 22. Ne5 Bxe5 23. fxe5 g4 24. Rf4 gxh3 25. Nxe4 dxe4 26. Kh2 Kh7 27. Kxh3 Qg5 28. Qf2 Rg8 29. Rh4 Rhg6 30. Rg1 Qh6 31. d5 e3 32. Qf3 Rg4 33. dxe6 Qg5 34. Rg2 Rxh4+ 35. gxh4 Qxg2+ 36. Qxg2 Rxg2 37. Kxg2 Kg7 38. b4 b5 39. Kf3 f4 0-1

[Event "AUT-chT2W 2122"]
[Site "Austria"]
[Date "2022.03.12"]
[Round "10.6"]
[White "Kurapova, Olga"]
[Black "Stadler, Alexander"]
[Result "1-0"]
[WhiteElo "1870"]
[BlackElo "2111"]
[PlyCount "105"]
[EventDate "2021.10.15"]
[EventType "team-tourn"]
[EventRounds "11"]
[EventCountry "AUT"]
[SourceTitle "EXT 2023"]
[Source "ChessBase"]
[SourceDate "2022.10.05"]
[SourceVersion "1"]
[SourceVersionDate "2022.10.05"]
[SourceQuality "1"]
[WhiteTeam "Hohenems II"]
[BlackTeam "Ranshofen"]
[WhiteTeamCountry "AUT"]
[BlackTeamCountry "AUT"]

1. d4 Nf6 2. c4 g6 3. Nc3 Bg7 4. e4 d6 5. Be2 0-0 6. Nf3 e5 7. dxe5 dxe5 8. Qxd8 Rxd8 9. Bg5 Re8 10. Rd1 c6 11. Nxe5 Nfd7 12. Nxd7 Nxd7 13. f3 Nc5 14. Kf2 Be6 15. Be3 Bxc3 16. bxc3 Na4 17. Bd4 c5 18. Bf6 Nb6 19. Rb1 Rac8 20. Rhd1 h6 21. a4 Rc6 22. a5 Nd7 23. Bh4 b6 24. f4 bxa5 25. Rb7 Nb6 26. Rxa7 a4 27. Rb1 Nxc4 28. Rxa4 Nd2 29. Rb2 Bb3 30. Rxb3 Nxb3 31. Bb5 Rec8 32. Bxc6 Rxc6 33. Ke3 Rd6 34. e5 Rd1 35. Bf6 Ra1 36. Rxa1 Nxa1 37. Kd3 Kf8 38. Kc4 Nc2 39. Kxc5 Ne3 40. g3 Ke8 41. h3 h5 42. c4 Kd7 43. Kb5 Nf5 44. g4 hxg4 45. hxg4 Ne3 46. c5 Kc7 47. g5 Nd5 48. e6 fxe6 49. Be5+ Kd7 50. c6+ Ke7 51. Ka6 Ne3 52. c7 Kd7 53. Kb7 1-0

[Event "Niederbayern-ch"]
[Site "Ortenburg"]
[Date "2019.04.26"]
[Round "4"]
[White "Wudi, Tobias"]
[Black "Stadler, Alexander"]
[Result "0-1"]
[WhiteElo "1517"]
[BlackElo "2166"]
[PlyCount "64"]
[EventDate "2019.04.25"]
[EventType "swiss"]
[EventRounds "7"]
[EventCountry "GER"]
[SourceTitle "EXT 2023"]
[Source "ChessBase"]
[SourceDate "2022.10.05"]
[SourceVersion "1"]
[SourceVersionDate "2022.10.05"]
[SourceQuality "1"]

1. e4 d6 2. d4 Nf6 3. Nc3 e5 4. dxe5 dxe5 5. Qxd8+ Kxd8 6. Bg5 Be6 7. 0-0-0+ Kc8 8. Bxf6 gxf6 9. Bd3 c6 10. Nge2 Nd7 11. f4 Bh6 12. g3 b5 13. Kb1 Nb6 14. a3 a5 15. f5 Bc4 16. b3 Bxd3 17. Rxd3 Kc7 18. Nd1 Bf8 19. Ka2 Be7 20. Nf2 a4 21. b4 Rad8 22. Rhd1 Rxd3 23. Rxd3 Rg8 24. g4 h5 25. h3 hxg4 26. hxg4 Nc4 27. Rh3 Kd7 28. c3 Bd8 29. Nc1 Bb6 30. Ncd3 Ke7 31. Rh4 Bxf2 32. Nxf2 Rd8 0-1

[Event "AUT-chT2W 1819"]
[Site "Austria"]
[Date "2019.03.09"]
[Round "10.1"]
[White "Wohlfahrt, Herbert J"]
[Black "Stadler, Alexander"]
[Result "1-0"]
[WhiteElo "2262"]
[BlackElo "2114"]
[PlyCount "63"]
[EventDate "2018.10.12"]
[EventType "team-tourn"]
[EventRounds "11"]
[EventCountry "AUT"]
[SourceTitle "CBM 189 Extra"]
[Source "ChessBase"]
[SourceDate "2019.06.03"]
[SourceVersion "1"]
[SourceVersionDate "2019.06.03"]
[SourceQuality "1"]
[WhiteTeam "Pradl"]
[BlackTeam "Ranshofen"]
[WhiteTeamCountry "AUT"]
[BlackTeamCountry "AUT"]

1. d4 d5 2. c4 dxc4 3. Nf3 a6 4. e3 b5 5. a4 Bb7 6. b3 e6 7. axb5 axb5 8. Rxa8 Bxa8 9. bxc4 bxc4 10. Bxc4 Nf6 11. 0-0 Be7 12. Qa4+ Bc6 13. Bb5 Bxb5 14. Qxb5+ c6 15. Qb7 0-0 16. Ne5 c5 17. Ba3 Nfd7 18. Nxd7 Qxd7 19. Qxd7 Nxd7 20. Rc1 Rc8 21. Nd2 Kf8 22. dxc5 Ke8 23. Kf1 Kd8 24. Nb3 Kc7 25. Nd4 Kd8 26. Nb3 Kc7 27. Bb4 Kc6 28. Nd4+ Kd5 29. Rd1 Bxc5 30. Nf3+ Ke4 31. Rxd7 Bxb4 32. Rd4+ 1-0

[Event "Bayern-ch 89th"]
[Site "Bad Kissingen"]
[Date "2018.08.30"]
[Round "7"]
[White "Stadler, Alexander"]
[Black "Boehme, Sebastian1111"]
[Result "0-1"]
[WhiteElo "2124"]
[BlackElo "1999"]
[PlyCount "66"]
[EventDate "2018.08.26"]
[EventType "swiss"]
[EventRounds "9"]
[EventCountry "GER"]
[SourceTitle "CBM 189 Extra"]
[Source "ChessBase"]
[SourceDate "2019.06.03"]
[SourceVersion "1"]
[SourceVersionDate "2019.06.03"]
[SourceQuality "1"]

1. d4 e6 2. Bf4 f5 3. e3 Nf6 4. c4 b6 5. Nf3 Bb7 6. Nc3 Bb4 7. Be2 0-0 8. Qb3 Bxc3+ 9. bxc3 Ne4 10. h4 c5 11. a4 d6 12. a5 Nd7 13. a6 Bc8 14. Ng5 Nxg5 15. hxg5 e5 16. Bf3 exf4 17. exf4 Re8+ 18. Kd2 Rb8 19. Bd5+ Kh8 20. Qd1 Nf8 21. Rxh7+ Nxh7 22. g6 Qh4 23. g3 Qh6 24. Bf7 Be6 25. Bxe8 Rxe8 26. gxh7 Bxc4 27. Qf3 Re2+ 28. Qxe2 Bxe2 29. Kxe2 Qe6+ 30. Kd3 Qe4+ 31. Kc4 Kxh7 32. Kb5 cxd4 33. cxd4 Qd5+ 0-1

[Event "Bayern-ch 89th"]
[Site "Bad Kissingen"]
[Date "2018.08.28"]
[Round "3"]
[White "Stadler, Alexander"]
[Black "Schmid, Roland1111"]
[Result "0-1"]
[WhiteElo "2124"]
[BlackElo "2280"]
[PlyCount "110"]
[EventDate "2018.08.26"]
[EventType "swiss"]
[EventRounds "9"]
[EventCountry "GER"]
[SourceTitle "CBM 189 Extra"]
[Source "ChessBase"]
[SourceDate "2019.06.03"]
[SourceVersion "1"]
[SourceVersionDate "2019.06.03"]
[SourceQuality "1"]

1. d4 d6 2. e4 Nf6 3. Nc3 Nbd7 4. Nf3 e5 5. Bc4 h6 6. 0-0 Be7 7. Re1 c6 8. a4 Qc7 9. h3 Nf8 10. Qd3 g5 11. d5 Ng6 12. b4 Nh5 13. dxc6 bxc6 14. b5 Ngf4 15. Qf1 g4 16. hxg4 Bxg4 17. Nh2 Bc8 18. bxc6 Rg8 19. Nd5 Nxd5 20. Bxd5 Bh3 21. Qc4 Rxg2+ 22. Kh1 Rxf2 23. Ra3 Bg2+ 24. Kg1 Bh4 25. Be3 Rf6 26. Re2 Bh3 27. Rg2 Bxg2 28. Kxg2 Rg6+ 29. Kf3 Rg3+ 30. Ke2 Rg2+ 31. Kd3 Rxh2 32. Rb3 Nf4+ 33. Bxf4 exf4 34. Rb7 Qa5 35. c3 Be1 36. Qb4 Qxb4 37. cxb4 Rd2+ 38. Kc4 f3 39. Bxf7+ Kf8 40. Be6 Rc2+ 41. Kd5 f2 42. Rf7+ Ke8 43. b5 Bb4 44. Rf3 Rc5+ 45. Kd4 Rc1 46. Bc4 Rd1+ 47. Ke3 Bc5+ 48. Kf4 Ke7 49. Kg4 Rg8+ 50. Bxg8 Rg1+ 51. Kh5 Rxg8 52. a5 Rg1 53. c7 Kd7 54. Rf7+ Kc8 55. b6 axb6 0-1

[Event "Regensburg Donau Cup 2nd"]
[Site "Regensburg"]
[Date "2018.05.11"]
[Round "4"]
[White "Stadler, Alexander"]
[Black "Stock, Christoph"]
[Result "0-1"]
[WhiteElo "2129"]
[BlackElo "2034"]
[PlyCount "116"]
[EventDate "2018.05.09"]
[EventType "swiss"]
[EventRounds "7"]
[EventCountry "GER"]
[SourceTitle "CBM 184 Extra"]
[Source "ChessBase"]
[SourceDate "2018.06.28"]
[SourceVersion "1"]
[SourceVersionDate "2018.06.28"]
[SourceQuality "1"]

1. d4 e6 2. Nf3 f5 3. Bf4 Nf6 4. e3 Be7 5. h3 Nc6 6. c4 d6 7. Nc3 0-0 8. d5 e5 9. dxc6 exf4 10. cxb7 Bxb7 11. exf4 Rb8 12. Be2 Bxf3 13. Bxf3 Rxb2 14. Nb5 d5 15. 0-0 dxc4 16. Qa4 Rb4 17. Qa6 Qd7 18. Bc6 Qd2 19. Nxc7 c3 20. Rad1 Qxf4 21. Ne6 Qc4 22. Qxc4 Rxc4 23. Bb5 Rfc8 24. Bxc4 Rxc4 25. Rd3 Ne4 26. Rc1 Kf7 27. Rd4 Rc8 28. Nf4 Bc5 29. Rd7+ Ke8 30. Rxg7 Bxf2+ 31. Kf1 Be3 32. Rg8+ Kd7 33. Rd1+ Nd2+ 34. Ke2 Bxf4 35. Rxc8 Kxc8 36. Kd3 Be5 37. Re1 Bf6 38. Re8+ Kd7 39. Ra8 Bd4 40. Rf8 Nc4 41. Rxf5 c2 42. Rf7+ Ke6 43. Rf1 Ne3 44. Re1 Kd5 45. Rc1 Bb2 46. Rxc2 Nxc2 47. Kxc2 Bd4 48. Kd3 Ke5 49. a4 Bb6 50. g3 Bf2 51. g4 Kf4 52. Ke2 Bc5 53. Kd3 h6 54. a5 Kg3 55. Ke4 Kxh3 56. Kf5 Kh4 57. a6 Be3 58. Ke4 Bc1 0-1

[Event "Regensburg Donau Cup 2nd"]
[Site "Regensburg"]
[Date "2018.05.10"]
[Round "3"]
[White "Stadler, Alexander"]
[Black "Uphoff, Lennart"]
[Result "1/2-1/2"]
[WhiteElo "2129"]
[BlackElo "2008"]
[PlyCount "126"]
[EventDate "2018.05.09"]
[EventType "swiss"]
[EventRounds "7"]
[EventCountry "GER"]
[SourceTitle "CBM 184 Extra"]
[Source "ChessBase"]
[SourceDate "2018.06.28"]
[SourceVersion "1"]
[SourceVersionDate "2018.06.28"]
[SourceQuality "1"]

1. d4 Nf6 2. Bf4 d5 3. e3 c5 4. c3 Nc6 5. Nd2 Bf5 6. Ngf3 Qb6 7. Qc1 Nh5 8. dxc5 Qxc5 9. Nb3 Qb6 10. Be2 Nxf4 11. exf4 e6 12. 0-0 Be7 13. Nbd4 Bg6 14. Bb5 Bf6 15. f5 Bxf5 16. Nxf5 exf5 17. Re1+ Kf8 18. Bd3 g6 19. Qh6+ Bg7 20. Qf4 Rd8 21. Re2 h6 22. Rae1 Bf6 23. g4 d4 24. gxf5 g5 25. Qe4 dxc3 26. bxc3 Bxc3 27. Rb1 Qc7 28. Rc1 Bf6 29. Bb5 Rd6 30. Rec2 Qe7 31. Nd2 Nd4 32. Rc7 Qxe4 33. Nxe4 Nxb5 34. Rxb7 Rd5 35. Nxf6 Rxf5 36. Rc8+ Kg7 37. Rxh8 Rxf6 38. Rhb8 Nd4 39. Ra8 Nf3+ 40. Kg2 Ne1+ 41. Kf1 Nd3 42. Raxa7 Rxf2+ 43. Kg1 g4 44. a4 Rf6 45. a5 Ne5 46. Rc7 Nf3+ 47. Kg2 Ne1+ 48. Kg3 Rf3+ 49. Kxg4 Kg6 50. Rc5 f5+ 51. Rxf5 Rxf5 52. Rg7+ Kf6 53. Rf7+ Kxf7 54. Kxf5 Nc2 55. a6 Nd4+ 56. Ke5 Nc6+ 57. Kd6 Na7 58. Kc7 Ke7 59. Kb7 Nb5 60. Kb6 Nd6 61. Kc7 h5 62. Kc6 Nc8 63. Kd5 Kf6 1/2-1/2

[Event "Landesliga Sued 1718"]
[Site "Bayern"]
[Date "2017.12.10"]
[Round "4.1"]
[White "Schuster, Karsten"]
[Black "Stadler, Alexander"]
[Result "1/2-1/2"]
[WhiteElo "2269"]
[BlackElo "2129"]
[PlyCount "69"]
[EventDate "2017.10.22"]
[EventType "team-tourn"]
[EventRounds "9"]
[EventCountry "GER"]
[SourceTitle "EXT 2022"]
[Source "ChessBase"]
[SourceDate "2021.10.06"]
[SourceVersion "1"]
[SourceVersionDate "2021.10.06"]
[SourceQuality "1"]
[WhiteTeam "Groebenzell"]
[BlackTeam "Roehrnbach"]
[WhiteTeamCountry "GER"]
[BlackTeamCountry "GER"]

1. d4 d5 2. c4 e6 3. Nc3 Nf6 4. cxd5 exd5 5. Bg5 c6 6. e3 Be7 7. Bd3 Nbd7 8. Qc2 h6 9. Bh4 Nh5 10. Bxe7 Qxe7 11. Nge2 Nb6 12. h3 Be6 13. b3 Nf6 14. g4 0-0-0 15. a4 Kb8 16. a5 Nc8 17. Na4 h5 18. g5 Ne4 19. Bxe4 dxe4 20. Nc5 Bd5 21. h4 Nd6 22. Nc3 Rhe8 23. Ra4 Ka8 24. Qe2 g6 25. Qb2 f6 26. Rg1 Nf5 27. Rb4 Nxh4 28. Rxb7 Nf3+ 29. Kf1 Qd6 30. Qe2 Qh2 31. Rxa7+ Kb8 32. Ra8+ Kc7 33. Ra7+ Kb8 34. Ra8+ Kc7 35. Ra7+ 1/2-1/2

[Event "Bayern-ch"]
[Site "Rosenheim"]
[Date "2017.08.22"]
[Round "4"]
[White "Kleibel, Uwe"]
[Black "Stadler, Alexander"]
[Result "1/2-1/2"]
[WhiteElo "2187"]
[BlackElo "2104"]
[PlyCount "75"]
[EventDate "2017.08.20"]
[EventType "swiss"]
[EventRounds "9"]
[EventCountry "GER"]
[SourceTitle "EXT 2019"]
[Source "ChessBase"]
[SourceDate "2018.10.10"]
[SourceVersion "1"]
[SourceVersionDate "2018.10.10"]
[SourceQuality "1"]

1. d4 d5 2. Nf3 a6 3. Bf4 Bf5 4. e3 e6 5. c4 c6 6. Nc3 Nf6 7. h3 Bd6 8. Bxd6 Qxd6 9. Qb3 Nbd7 10. Qxb7 Rb8 11. Qxa6 Rxb2 12. Qa5 0-0 13. Be2 dxc4 14. 0-0 Nd5 15. e4 N5b6 16. exf5 Ra8 17. Ne4 Rxa5 18. Nxd6 Rxe2 19. Rfc1 Ra4 20. Kf1 Rb2 21. fxe6 fxe6 22. Ng5 Nf8 23. Nge4 Ng6 24. Nc5 Ra3 25. Nxc4 Nxc4 26. Rxc4 e5 27. dxe5 Nxe5 28. Ra4 Rxa4 29. Nxa4 Rc2 30. Nb6 Nd3 31. a4 Rxf2+ 32. Kg1 Rf7 33. a5 Ra7 34. a6 Nc5 35. Nc8 Rxa6 36. Rxa6 Nxa6 37. Ne7+ Kf7 38. Nxc6 1/2-1/2

[Event "Bayern-ch"]
[Site "Rosenheim"]
[Date "2017.08.21"]
[Round "3"]
[White "Stadler, Alexander"]
[Black "Nagy, Laszlo3333"]
[Result "1-0"]
[WhiteElo "2104"]
[BlackElo "1953"]
[PlyCount "45"]
[EventDate "2017.08.20"]
[EventType "swiss"]
[EventRounds "9"]
[EventCountry "GER"]
[SourceTitle "EXT 2019"]
[Source "ChessBase"]
[SourceDate "2018.10.10"]
[SourceVersion "1"]
[SourceVersionDate "2018.10.10"]
[SourceQuality "1"]

1. d4 Nf6 2. Bf4 g6 3. Nc3 c5 4. dxc5 Qa5 5. Nf3 Bg7 6. Qd2 Qxc5 7. e4 d6 8. Be3 Qa5 9. Nb5 Qd8 10. e5 Ng4 11. exd6 0-0 12. Nc7 Nxe3 13. fxe3 exd6 14. Nxa8 Bxb2 15. Rb1 Bg7 16. Bc4 Bg4 17. 0-0 Nc6 18. Rxb7 Qxa8 19. Rxf7 Rxf7 20. Qd5 Qe8 21. Qxf7+ Qxf7 22. Bxf7+ Kf8 23. Bxg6 1-0

[Event "Bayern-ch"]
[Site "Rosenheim"]
[Date "2017.08.20"]
[Round "1"]
[White "Stadler, Alexander"]
[Black "Wisnet, Dominic"]
[Result "0-1"]
[WhiteElo "2104"]
[BlackElo "2278"]
[PlyCount "102"]
[EventDate "2017.08.20"]
[EventType "swiss"]
[EventRounds "9"]
[EventCountry "GER"]
[SourceTitle "EXT 2019"]
[Source "ChessBase"]
[SourceDate "2018.10.10"]
[SourceVersion "1"]
[SourceVersionDate "2018.10.10"]
[SourceQuality "1"]

1. d4 c5 2. c3 Nf6 3. Nf3 g6 4. g3 Bg7 5. Bg2 0-0 6. 0-0 cxd4 7. cxd4 d5 8. Nc3 Ne4 9. Qb3 Nxc3 10. bxc3 Nc6 11. Nd2 e5 12. Ba3 exd4 13. Bxf8 Qxf8 14. Bxd5 dxc3 15. Nf3 a5 16. Ng5 a4 17. Qc4 Ne5 18. Qc7 Bf5 19. e4 Rc8 20. Qxb7 Bg4 21. f3 Qc5+ 22. Kg2 Rc7 23. Qa8+ Bc8 24. Qxa4 h6 25. f4 Ng4 26. Qe8+ Qf8 27. Qxf8+ Bxf8 28. Nxf7 Ne3+ 29. Kf3 Nxd5 30. Ne5 Nb4 31. Rfc1 Be6 32. Nxg6 Nxa2 33. Nxf8 Kxf8 34. Ke3 Nxc1 35. Rxc1 c2 36. Kd2 Bb3 37. g4 Ba4 38. h4 Rd7+ 39. Kc3 Rd1 40. Kb2 Rd4 41. h5 Rxe4 42. g5 Rxf4 43. gxh6 Kg8 44. Rg1+ Kh7 45. Kc3 Kxh6 46. Rh1 Rh4 47. Rf1 Rh3+ 48. Kb2 Rb3+ 49. Ka2 Rd3 50. Rf4 c1Q 51. Rf6+ Kxh5 0-1